01178 2200325 4500001002100000005001500021035002000036007000300056008004100059040002200100082001800122084002000140090002400160090002200184245016900206300007700375500005800452700002300510700002600533850001200559041001300571110006100584651002700645264007000672336002100742337003000763338002300793022001400816990002200830INLIS00000000084804420190613095305 a0010-0519001379ta190531s2018 yoia g s ind d aYOPDYOGbinderda04223a315.98271 a315.98271 KUL k aDEP 315.98271 KUL k aCB-D.11 2018-264910aKecamatan Nanggulan dalam angka = Nanggulan subdistrict in figures 20108 /cpenyusun, Badan Pusat Statistik kabupaten Kulon Progo; editor, Rachmawati, Yiyin Marwati axvii, 104 halaman :bilustrasi berwarna, grafik berwarna, tabel ;c21 cm aTeks terdiri dari bahasa Indonesia dan bahasa Inggris0 aRachmawatieeditor0 aYiyin Marwatieeditor aYOPDYOG1 aindheng0 aKulon Progo (Kabupaten). Badan Pusat Statistikepenyusun 4aNanggulan--vStatistik31aKulon Progo :bBadan Pusat Statistik Kabupaten Kulon Progo,c2018 2rdacontentateks 2rdamediaatanpa perantara 2rdacarrieravolume a0852.0277 aCB-D.11/2018-2649